CCM Capitales du mondes - Statistiques

Statistiques générales
  • Ce quiz a été pris 90 fois
  • Le résultat moyen est 9 sur 15
Statistiques - réponses
Question Réponse % Correct
Capitale de la Bosnie-Herzégovine Sarajevo
95%
Capitale de la Turquie Ankara
85%
Capitale de Liechtenstein Vaduz
80%
Capitale du Sierra Leone FreeTown
65%
Capitale de Israël Jérusalem
65%
Capitale du Rwanda Kigali
65%
Capitale de l'Azerbaïdjan Bakou
55%
Capitale du Tadjikistan Douchanbé
55%
Capitale de Guyana Georgetown
55%
Capitale du Laos Vientiane
55%
Capitale de l'Angola Luanda
50%
Capitale du Bahrein Manama
50%
Capitale de Oman Mascate
50%
Capitale de la Jamaïque Kingston
45%
Capitale de l'Eswatini Mbabane
45%
Aucun quiz correspondant
Distribution des résultats
% des personnes avec chaque résultat
Percentile par nombre de réponses
Votre historique - résultats
Vous n’avez pas pris ce quiz